000 00310nam a2200121Ia 4500
008 220204s9999 xx 000 0 und d
020 _a0415166764
082 _a331.5
_bFIN
100 _aFine, Ben
245 0 _aLabour market theory : A constructive reassessment
260 _aNew York
_bRoutledge
942 _cBK
999 _c42245
_d42245